[Event "3rd Dvoretsky Memorial 2021"]
[Site "Moscow"]
[Date "2021.02.10"]
[Round "1.1"]
[White "Grachev, Boris"]
[Black "Zvjaginsev, Vadim"]
[Result "1/2-1/2"]
[WhiteElo "2619"]
[BlackElo "2614"]
[Annotator "TA"]
[PlyCount "58"]
[EventDate "2021.02.10"]
[EventType "tourn"]
[EventCountry "RUS"]
[Tiebreak "Koya+Number of wins"]
[SourceTitle "playchess.com"]
[Source "ChessBase"]
[SourceQuality "1"]

{[%evp 14,58,12,-12,3,-20,-20,-10,2,0,-6,-10,27,24,42,0,0,0,0,0,8,-6,21,19,21,
20,22,21,23,15,18,19,18,18,19,20,21,12,12,8,8,8,8,0,0,0,8]} 1. Nf3 d6 2. c4 e5
3. Nc3 f5 4. d3 Nf6 5. g3 Be7 6. Bg2 O-O 7. O-O Qe8 8. c5 Kh8 {A21: English
Opening: 1...e5 2 Nc3.} 9. cxd6 cxd6 10. Bg5 Be6 {[#]} 11. Rc1 $146 ({
Predecessor:} 11. Nd2 Nc6 12. e3 Qf7 13. a3 Rac8 14. Rc1 h6 15. Bxf6 Bxf6 16.
b4 d5 17. Ne2 {1-0 (39) Milosevic,A (2292)-Rabrenovic,V (2397) Kragujevac 2012}
) 11... Nc6 12. d4 {Strongly threatening d5.} Bg8 13. d5 Nb4 {[%cal Rf6d5]} 14.
Nh4 (14. Bxf6 {with more complications.} Bxf6 15. a3 Na6 16. e4 fxe4 17. Nxe4
Be7 18. Nfd2) 14... Nfxd5 15. Nxd5 Nxd5 16. Bxe7 Nxe7 17. Qxd6 Nc6 (17... e4 {
feels hotter.} 18. f3 Rd8 19. Qc5 Nc6 20. fxe4 Nd4) 18. Bxc6 bxc6 19. Qxc6 ({
Not} 19. Rxc6 $2 Rf6 $19) 19... Bxa2 20. Qxe8 Raxe8 21. Rfd1 g6 {The position
is equal.} 22. Ra1 Bc4 23. Rxa7 {With the idea Rdd7.} Rd8 24. Re1 e4 25. Rc7
Bg8 26. Rc2 Bb3 27. Rc3 Bg8 28. Rc2 Bb3 29. Rc3 Bg8 {Weighted Error Value:
White=0.06/Black=0.07} 1/2-1/2

[Event "3rd Dvoretsky Memorial 2021"]
[Site "Moscow"]
[Date "2021.02.10"]
[Round "1.2"]
[White "Inarkiev, Ernesto"]
[Black "Makarian, Rudik"]
[Result "1-0"]
[WhiteElo "2654"]
[BlackElo "2461"]
[Annotator "TA"]
[PlyCount "137"]
[EventDate "2021.02.10"]
[EventType "tourn"]
[EventCountry "RUS"]
[Tiebreak "Koya+Number of wins"]
[SourceTitle "playchess.com"]
[Source "ChessBase"]
[SourceQuality "1"]

{[%evp 12,137,18,7,7,2,6,6,0,-8,-9,-38,12,-19,21,13,6,9,61,47,39,52,57,49,66,
56,60,50,61,56,55,46,51,60,60,57,64,41,64,58,59,59,62,56,62,56,68,20,20,16,17,
14,99,62,136,86,138,89,86,60,67,65,62,66,90,60,68,54,31,0,0,0,0,0,0,0,0,0,0,0,
0,0,-8,-70,-17,-26,0,0,0,0,0,0,0,0,0,0,0,0,0,0,0,0,0,0,18,18,25,32,40,0,90,0,0,
0,191,191,189,189,177,102,189,189,12841,12842,12844,12844,12847,12847]} 1. d4
Nf6 2. Nf3 e6 3. Bf4 b6 4. e3 Bb7 5. Be2 Be7 6. O-O O-O 7. h3 c5 {A47: 1 d4
Nf6 2 Nf3 b6: Torre, London and Colle Systems.} 8. Nbd2 d6 9. a4 $5 {[%mdl 4]
An interesting side line.} Nc6 {[#] The position is equal.} 10. Nc4 $146 ({
Predecessor:} 10. c3 Re8 11. Bh2 Bf8 12. Nc4 d5 13. Nce5 Nxe5 14. Nxe5 c4 15.
b3 Ne4 16. Bf3 cxb3 {1/2-1/2 (68) Plueg,A (2300)-Ruppert,W (2123) Frankfurt
2013}) 10... d5 11. Nce5 c4 12. b3 cxb3 (12... Na5 {with more complications.}
13. bxc4 Rc8 14. Nd2 Bb4 15. Bg5 h6) 13. Nxc6 Bxc6 14. cxb3 Ne4 ({Black should
play} 14... Bb7 $11) 15. Ba6 Bd6 16. Ne5 Be8 17. f3 Nf6 18. Rc1 Nh5 19. Bh2 $1
f6 20. Nd3 Bxh2+ 21. Kxh2 Qd6+ 22. f4 g5 23. Qc2 Rf7 24. Rf3 Ng7 25. Kg1 {
Strongly threatening fxg5.} gxf4 26. Nxf4 e5 {[#]} 27. Nxd5 {[%mdl 64] Remove
Defender} Qxd5 28. Bc4 {[%mdl 64] Skewer} Qd6 29. Rcf1 f5 30. dxe5 Qxe5 31. e4
{[%cal Re4f5]} Qc5+ (31... Ne6 $11 {keeps the balance.} 32. Rxf5 Qd4+ 33. Kh1
Rc8) 32. Qf2 Kf8 (32... Qxf2+ $14 33. R1xf2 Rc8) 33. Bxf7 ({Stronger than} 33.
exf5 Qxf2+ 34. Kxf2 Rf6 $15) 33... Bxf7 (33... Qxf2+ $142 34. Kxf2 (34. R1xf2
Bxf7 35. Kh2 Rd8 $16) 34... Bxf7) 34. exf5 Qxf2+ 35. R1xf2 (35. Kxf2 {is more
complex.} Rd8 36. g4 Ne8 37. Rc1 Rd2+ 38. Kg3) 35... Rd8 36. Rc2 Ne8 37. Kh2
Rd4 38. Rcc3 h5 39. Rcd3 Rb4 40. g3 a5 41. f6 Re4 42. Kg1 Re6 43. Rd8 Kg8 44.
Kf2 Kh7 45. Re3 {Rxe6 is the strong threat.} Nxf6 46. Rxe6 Bxe6 47. Kf3 (47.
Rd4 $11) 47... Bxb3 ({Better is} 47... Nd7 $15) 48. Rd6 $11 Kg7 (48... Nd5 {
feels hotter.} 49. g4 h4 50. Ke4 Nc3+ 51. Ke5 Nxa4 52. Kf5 Kg7) 49. Rxb6 Bxa4
50. Ra6 Bd1+ 51. Kf4 a4 52. Ke5 Nd7+ 53. Kd4 {Threatens to win with Ra7.} Nf8
54. g4 h4 55. Ke4 Bb3 56. Kf5 Bc2+ 57. Kg5 Ng6 58. Ra7+ Kf8 59. Rc7 Bd3 60. Rc3
{[%mdl 1024] White has compensation.} (60. Rb7 {looks sharper.} Ne7 61. Ra7 Bc2
62. Kxh4 Bb3 63. Kg5) 60... Bb1 (60... Ne5 $11) 61. Rc1 (61. Ra3 $1 $16) 61...
Bd3 $1 62. Rd1 Bc2 $2 (62... Ne5 $11) 63. Rd2 $1 $18 {[%cal Rd2c2]} Bb1 {[#]}
64. Rb2 $1 {[%cal Rb2b1]} Bd3 65. Ra2 Ne5 (65... Kf7 $16 {might work better.})
66. Rxa4 Nf3+ $2 {[#]} (66... Kf7 67. Kxh4 Bc2 68. Ra7+ Ke6) 67. Kf6 $1 {
[%cal Ra4a8] White is clearly winning.} Ke8 68. g5 Bf1 69. g6 {Weighted Error
Value: White=0.10/Black=0.16} 1-0

[Event "3rd Dvoretsky Memorial 2021"]
[Site "Moscow"]
[Date "2021.02.10"]
[Round "1.3"]
[White "Gunina, Valentina"]
[Black "Vitiugov, Nikita"]
[Result "1/2-1/2"]
[WhiteElo "2427"]
[BlackElo "2715"]
[Annotator "TA"]
[PlyCount "67"]
[EventDate "2021.02.10"]
[EventType "tourn"]
[EventCountry "RUS"]
[Tiebreak "Koya+Number of wins"]
[SourceTitle "playchess.com"]
[Source "ChessBase"]
[SourceQuality "1"]

{[%evp 15,67,35,35,41,46,24,38,36,43,31,39,31,32,42,33,30,37,15,17,27,34,26,29,
0,0,0,0,0,0,0,0,0,0,0,0,0,0,0,0,0,0,0,15,7,13,12,27,0,20,0,27,0,31,0]} 1. d4
Nf6 2. c4 g6 3. Nc3 Bg7 4. e4 d6 5. Nf3 O-O 6. Be2 e5 7. O-O Bg4 8. d5 a5 9.
Be3 {E94: King's Indian: Classical: 6 Be2 e5 7 0-0: Various Black 7th moves.}
Na6 10. Ne1 Bd7 11. Nd3 b6 {[#]} 12. Qd2 $146 ({Predecessor:} 12. f3 Nh5 13. g4
Nf6 14. a3 Nc5 15. b3 h5 16. h3 Nh7 17. Kg2 h4 18. Rb1 {0-1 (47) Rakotomaharo,
F (2422)-Ivic,V (2581) Chess.com INT 2021}) 12... Ng4 13. Bxg4 Bxg4 14. f4 exf4
15. Bxf4 Nc5 16. Nxc5 bxc5 17. Rae1 Qe7 18. a4 Bd7 19. Bh6 Bxh6 20. Qxh6 Qe5
21. Qd2 Rab8 22. Nb5 Bxb5 23. cxb5 Ra8 24. Rf4 Rfe8 25. Ref1 Re7 26. b3 Kg7 27.
Rh4 {[#] Hoping for Qh6+.} h5 28. Rhf4 Kg8 29. h3 Kg7 30. R1f3 Qa1+ 31. Rf1 Qe5
32. R1f3 Qa1+ 33. Rf1 Qe5 34. R1f3 {Weighted Error Value: White=0.06/Black=0.02
} 1/2-1/2

[Event "3rd Dvoretsky Memorial 2021"]
[Site "Moscow"]
[Date "2021.02.10"]
[Round "1.4"]
[White "Esipenko, Andrey"]
[Black "Savchenko, Boris"]
[Result "1-0"]
[WhiteElo "2677"]
[BlackElo "2552"]
[Annotator "TA"]
[PlyCount "77"]
[EventDate "2021.02.10"]
[EventType "tourn"]
[EventCountry "RUS"]
[Tiebreak "Koya+Number of wins"]
[SourceTitle "playchess.com"]
[Source "ChessBase"]
[SourceQuality "1"]

{[%evp 9,77,15,26,8,41,33,27,21,25,10,47,35,41,37,51,52,31,22,22,20,26,18,25,
23,19,24,23,22,31,21,17,0,0,0,36,0,37,23,42,31,64,24,39,29,30,8,33,0,6,18,97,
55,264,259,256,247,270,267,229,235,343,360,367,364,368,331,314,220,809,797]} 1.
d4 Nf6 2. Nc3 d5 3. Bf4 g6 4. e3 a6 5. h4 {[#]} c6 $146 ({Predecessor:} 5...
Bg7 6. h5 Nxh5 7. Rxh5 gxh5 8. Qxh5 Be6 9. Nf3 h6 10. O-O-O Qd7 11. Be5 Bg4 {
1-0 (29) Tan,Z (2510)-Muzychuk,M (2544) Chess.com INT 2020}) 6. Be2 {D00: 1 d4
d5: Unusual lines.} Qb6 7. a3 h5 8. Nf3 {White has an edge.} Bg4 9. O-O Bxf3
10. Bxf3 Nbd7 11. Na4 {[%cal Bc3a4,Ba4b2,Bb2d3,Bd3f4][%mdl 32]} Qa7 12. b3 Bh6
13. Bh2 O-O 14. c4 e6 15. Nb2 Qb6 16. Nd3 Qd8 17. Bd6 Re8 18. g3 Ne4 19. Bf4
Bxf4 20. Nxf4 Nd6 21. Rc1 Qa5 22. a4 Kg7 23. Bg2 Rab8 24. Qc2 dxc4 25. bxc4 e5
26. Ne2 exd4 27. exd4 Qf5 28. Qb2 Qf6 $1 29. Rfd1 Nc5 {[#]} 30. Nc3 $1 $16 Ne6
{[#] This costs Black the game.} ({Wrong is} 30... Nxc4 $2 31. Qa2 $18) ({
Better is} 30... Nce4 $14) 31. c5 $1 $18 {[%cal Bc4c5,Bc5d6,Bd6d7][%mdl 32]}
Nxd4 32. cxd6 Ne2+ 33. Kh2 {Hoping for Rc2.} Nxc1 34. d7 Re6 (34... Ne2 $142)
35. Qxc1 Rd8 36. Ne4 Qe7 37. Qc3+ f6 38. Nc5 Re2 $2 (38... Re5) 39. Qd4 {
Weighted Error Value: White=0.07/Black=0.23} 1-0

[Event "3rd Dvoretsky Memorial 2021"]
[Site "Moscow"]
[Date "2021.02.10"]
[Round "1.5"]
[White "Murzin, Volodar"]
[Black "Kobalia, Mikhail"]
[Result "1/2-1/2"]
[WhiteElo "2478"]
[BlackElo "2587"]
[Annotator "TA"]
[PlyCount "75"]
[EventDate "2021.02.10"]
[EventType "tourn"]
[EventCountry "RUS"]
[Tiebreak "Koya+Number of wins"]
[SourceTitle "playchess.com"]
[Source "ChessBase"]
[SourceQuality "1"]

{[%evp 18,75,18,21,25,8,8,4,14,0,14,3,4,2,2,0,0,0,0,0,8,0,0,0,8,0,0,0,0,0,0,0,
0,0,0,0,0,0,0,0,0,0,0,0,0,0,0,0,0,0,0,0,0,0,0,0,0,0,0,0]} 1. e4 e5 2. Nf3 Nc6
3. Bb5 Nf6 4. O-O Nxe4 5. Re1 Nd6 6. Nxe5 Be7 7. Bf1 Nxe5 8. Rxe5 O-O 9. d4 Bf6
10. Re1 Re8 $1 {10...Re8 is better than 10...Nf5. C67: Ruy Lopez: Berlin
Defence: 4 0-0 Nxe4.} 11. Rxe8+ Nxe8 {The position is equal.} 12. c3 d5 13. Bd3
c6 14. Bf4 g6 15. Nd2 Ng7 16. Nf3 Bf5 17. Bxf5 Nxf5 18. Qd2 {[#]} Nd6 $146 ({
Predecessor:} 18... Qd7 19. Re1 Re8 20. Rxe8+ Qxe8 21. g4 Qe4 22. gxf5 Qxf3 23.
fxg6 fxg6 24. Qe3 Qxe3 25. Bxe3 {1/2-1/2 (39) Gruenfeld,Y (2432)-Sivuk,V (2579)
Israel 2020}) 19. Bxd6 Qxd6 20. Re1 Kg7 21. Qe3 a5 22. Re2 Rd8 23. g3 Rd7 24.
Qe8 Re7 (24... Rd8 $5 25. Qe3 $8 h5 $11) 25. Rxe7 Qxe7 26. Qxe7 Bxe7 $11 {
[%mdl 4096] Endgame KB-KN} 27. Kf1 a4 28. Ke2 Bd6 29. Ne1 Kf6 30. Nd3 Kf5 31.
Kf3 h5 32. h3 b6 33. Ne1 Ke6 34. Nc2 Kf5 35. Ne3+ Ke6 36. Nc2 Kf5 37. Ne3+ Ke6
38. Nc2 {An uneventful encounter.  Weighted Error Value: White=0.02/Black=0.01}
1/2-1/2

[Event "3rd Dvoretsky Memorial 2021"]
[Site "Moscow"]
[Date "2021.02.10"]
[Round "2.1"]
[White "Zvjaginsev, Vadim"]
[Black "Kobalia, Mikhail"]
[Result "1/2-1/2"]
[WhiteElo "2614"]
[BlackElo "2587"]
[Annotator "TA"]
[PlyCount "88"]
[EventDate "2021.02.10"]
[EventType "tourn"]
[EventCountry "RUS"]
[Tiebreak "Koya+Number of wins"]
[SourceTitle "playchess.com"]
[Source "ChessBase"]
[SourceQuality "1"]

{[%evp 11,88,6,20,-4,14,3,4,-3,0,-16,13,18,16,10,31,22,30,25,42,38,50,4,0,-34,
43,16,60,38,39,29,25,26,44,10,12,12,34,33,33,32,60,38,70,1,1,-13,-12,-10,-8,-8,
-11,-31,11,11,8,-8,71,71,71,71,71,71,74,74,74,40,49,32,71,32,71,71,71,71,71,0,
71,0,71]} 1. Nf3 d5 2. g3 c6 3. Bg2 Bg4 4. O-O Nf6 5. h3 Bh5 6. d3 Nbd7 7. Bf4
{Recently 7.c4 got a lot of attention. A07: Réti Opening: New York and
Capablanca Systems.} e6 8. g4 Bg6 9. Nbd2 Bc5 10. e3 {[#]} Qe7 $146 ({
Predecessor:} 10... O-O 11. Qe2 Qe7 12. Nh4 e5 13. Bh2 Rad8 14. Kh1 Bb6 15.
Rae1 Ne8 16. Nxg6 hxg6 {1/2-1/2 (33) Zvjaginsev,V (2658)-Pushkov,N (2522)
Moscow 2007}) 11. Qe2 h6 12. e4 dxe4 13. dxe4 O-O 14. Bg3 e5 15. Nh4 Rfe8 16.
Qc4 Bh7 17. Nf5 Qe6 (17... Bxf5 $15 18. exf5 e4) 18. Rfe1 Bf8 19. Qxe6 Rxe6 20.
Bf1 Nc5 21. f3 b5 22. b3 Rd8 23. Rad1 Bxf5 (23... Nfd7 {is more complex.} 24.
Bh4 f6 25. a3 Nb7 26. b4 a5) 24. exf5 Red6 25. Re2 Nfd7 26. Rc1 Be7 27. b4 (27.
f4 $14) 27... Bg5 $11 28. bxc5 Rxd2 29. Rxd2 Bxd2 30. Rd1 Nxc5 {[#] aiming for
...Be3+.} 31. Kg2 Na4 32. Bxe5 Rd5 33. Ba1 Bc3 (33... Nb6 $11 {keeps the
balance.}) 34. Rxd5 $16 cxd5 35. Bxb5 Bxa1 36. Bxa4 {[%mdl 4096] Endgame KB-KB}
Kf8 37. Bb3 d4 38. f6 gxf6 39. f4 Bc3 40. Kf3 a5 41. Ke4 Bb2 42. Kf5 Kg7 43.
Ke4 Kf8 44. Kf5 Kg7 $1 {Weighted Error Value: White=0.19/Black=0.18} 1/2-1/2

[Event "3rd Dvoretsky Memorial 2021"]
[Site "Moscow"]
[Date "2021.02.10"]
[Round "2.2"]
[White "Savchenko, Boris"]
[Black "Murzin, Volodar"]
[Result "0-1"]
[WhiteElo "2552"]
[BlackElo "2478"]
[Annotator "TA"]
[PlyCount "84"]
[EventDate "2021.02.10"]
[EventType "tourn"]
[EventCountry "RUS"]
[Tiebreak "Koya+Number of wins"]
[SourceTitle "playchess.com"]
[Source "ChessBase"]
[SourceQuality "1"]

{[%evp 11,84,15,20,0,10,0,0,0,0,-15,-11,-11,-11,-11,-11,-19,-4,-5,-4,-10,-14,
-10,-1,-70,-58,-71,-67,-84,-84,-139,-119,-119,-45,-73,-37,-76,-77,-67,-75,-70,
-23,-86,-89,-149,-104,-86,-18,-18,-29,-27,0,-4,0,0,0,0,0,-206,-199,-420,-431,
-428,-428,-381,-419,-414,-358,-341,-345,-328,-286,-349,-329,-12840,-12840]} 1.
e4 c5 2. Nf3 d6 3. d4 cxd4 4. Nxd4 Nf6 5. Nc3 a6 6. Bg5 Nbd7 7. h4 {B94:
Sicilian Najdorf: 6 Bg5 Nbd7.} e6 8. Qf3 h6 {[#]} 9. Bd2 $146 {The position is
equal.} ({Predecessor:} 9. Bxf6 Qxf6 10. Qe3 b5 11. a3 Qd8 12. O-O-O Bb7 13. f4
Qb6 14. g3 Be7 15. Be2 Rb8 16. Rh3 g6 17. Qd2 Nc5 18. h5 g5 19. Qe3 {1-0 (19)
Rodriguez S,M (1830)-Sanchez Bermudez,R ICCF email 2017}) 9... Ne5 10. Qg3 b5
11. f4 {[#]} b4 $1 12. fxe5 bxc3 13. Qxc3 dxe5 14. Nc6 Qc7 15. Bd3 Bb7 16. Nxe5
Bd6 17. Nf3 (17. Qxc7 $11 Bxc7 18. Bf4) 17... Nxe4 18. Bxe4 Bg3+ 19. Ke2 Bxe4
20. Qxg7 ({Better is} 20. Qxc7 Bxc7 21. Rad1) 20... O-O-O $1 $17 21. Qc3 f6 ({
Inferior is} 21... Bxc2 22. Rac1 $16) (21... Bc6 $17 {Strongly threatening ...
Rhg8.} 22. a4 Bd5) 22. Raf1 h5 ({Stronger than} 22... Bxc2 23. Rc1 $16) 23. Rh3
Rhg8 24. Ne1 {Hoping for Rxg3!} Qxc3 25. Bxc3 Bxe1 26. Rxe1 (26. Bxe1 $11 Rxg2+
27. Rf2) 26... Rxg2+ 27. Ke3 (27. Kf1 $142 Rg4 28. Rh2) 27... Bxc2 28. Kf3 {[#]
} Rg4 ({Black should try} 28... Rg6 $1 $17 {Threatens to win with ...e5.} 29.
Rhh1 Bf5) 29. Rxe6 $11 Rd3+ 30. Re3 Rd1 31. Kf2 Be4 {[%csl Ge4][%cal Rg4g2]}
32. Rhg3 {And now Rxg4 would win.} Rxh4 {( -> ...Rh2+)} 33. Rg8+ Kb7 {...Rh2+
is the strong threat.} 34. Kg3 {[#]} (34. Rg7+ $11 {and White has nothing to
worry.} Kb6 35. Bxf6 Rh2+ 36. Kg3 h4+ 37. Kf4) 34... Rdh1 $1 $19 35. Bxf6 (35.
Ba5) 35... R1h3+ 36. Kf2 Rf4+ {[%mdl 64] Double Attack} 37. Ke2 Bf3+ 38. Rxf3
Rhxf3 39. Be5 Rf5 40. Rh8 Rh3 41. Re8 Kc6 {aiming for ...Kd7.} 42. a4 $2 (42.
Bc3) 42... Kd7 {Weighted Error Value: White=0.56/Black=0.13} 0-1

[Event "3rd Dvoretsky Memorial 2021"]
[Site "Moscow"]
[Date "2021.02.10"]
[Round "2.3"]
[White "Vitiugov, Nikita"]
[Black "Esipenko, Andrey"]
[Result "1/2-1/2"]
[WhiteElo "2715"]
[BlackElo "2677"]
[Annotator "TA"]
[PlyCount "60"]
[EventDate "2021.02.10"]
[EventType "tourn"]
[EventCountry "RUS"]
[Tiebreak "Koya+Number of wins"]
[SourceTitle "playchess.com"]
[Source "ChessBase"]
[SourceQuality "1"]

{[%evp 12,60,24,12,11,25,22,0,0,0,0,0,16,13,21,11,37,32,37,33,36,45,47,48,38,
31,41,39,28,36,42,8,20,0,0,0,0,0,0,0,0,0,0,0,0,0,0,0,0,0,0]} 1. d4 Nf6 2. Nf3
d5 3. c4 e6 4. g3 dxc4 5. Bg2 c5 6. O-O Nc6 7. dxc5 $1 {[%mdl 4] is more
profitable than 7.Qa4 at the moment.} Qxd1 {E04: Open Catalan: 5 Nf3.} 8. Rxd1
Bxc5 9. Nfd2 (9. Nbd2 {seems wilder.} c3 10. bxc3 O-O 11. Nb3 Be7 12. Nfd4)
9... Na5 10. Na3 Bxa3 11. bxa3 Nd5 12. Ne4 O-O 13. Bd2 b6 {[#]} 14. Nc3 $146 ({
Predecessor:} 14. Rac1 Ba6 15. Bxa5 bxa5 16. Nc5 Bb5 17. Bxd5 exd5 18. Rxd5
Rfd8 19. Rxd8+ Rxd8 20. Ne4 {1-0 (39) Carlsen,M (2837)-Harikrishna,P (2744)
Riadh 2017}) 14... Bb7 15. Nxd5 Bxd5 16. Bxa5 bxa5 17. Bxd5 exd5 18. Rxd5 $14 {
[%mdl 4096] Endgame KRR-KRR} Rfc8 19. Rc1 Rab8 20. Rc3 g6 21. Rxa5 Rb2 {
The position is equal.} 22. e4 Rc7 23. Ra4 Rxa2 24. Raxc4 Rxc4 25. Rxc4 {
Ra4 is the strong threat.} Rxa3 $11 {KR-KR} 26. e5 a5 27. Rc8+ Kg7 28. Rc7 Kg8
29. Rc8+ Kg7 30. Rc7 Kg8 {Weighted Error Value: White=0.04/Black=0.04} 1/2-1/2

[Event "3rd Dvoretsky Memorial 2021"]
[Site "Moscow"]
[Date "2021.02.10"]
[Round "2.4"]
[White "Makarian, Rudik"]
[Black "Gunina, Valentina"]
[Result "1/2-1/2"]
[WhiteElo "2461"]
[BlackElo "2427"]
[Annotator "TA"]
[PlyCount "191"]
[EventDate "2021.02.10"]
[EventType "tourn"]
[EventCountry "RUS"]
[Tiebreak "Koya+Number of wins"]
[SourceTitle "playchess.com"]
[Source "ChessBase"]
[SourceQuality "1"]

{[%evp 13,191,0,34,25,40,21,31,18,47,-13,0,-28,-8,-8,0,-17,56,57,56,43,54,45,
44,6,7,10,14,0,34,19,52,47,71,70,70,70,72,70,77,70,71,71,92,97,119,66,64,31,43,
7,10,13,73,73,73,73,62,64,64,56,57,0,25,25,57,0,83,83,88,58,58,58,58,58,58,58,
80,80,80,80,80,80,80,80,80,80,80,80,80,80,80,80,80,80,129,0,51,0,0,0,80,0,80,0,
122,122,125,106,122,0,116,0,73,52,52,51,72,73,73,73,73,73,73,73,73,73,73,73,73,
73,73,73,74,73,80,80,80,73,80,46,46,46,80,46,46,46,124,120,289,0,0,0,0,0,0,0,0,
0,0,0,0,0,0,0,0,0,0,0,0,0,0,0,0,0,0,0,0,0,0,0]} 1. d4 d5 2. c4 c6 3. Nf3 Nf6 4.
Nc3 dxc4 5. a4 Bf5 6. Ne5 Nbd7 {6...Nbd7 scores better than 6...e6.} 7. Nxc4
Nb6 8. e3 {D17: Slav Defence: 5 a4 Bf5: Lines with 6 Nh4 and 6 Ne5.} e6 9. a5
Nxc4 10. Bxc4 {White is slightly better.} Qc7 {[#]} 11. h3 $146 (11. Qb3 $14) (
{Predecessor:} 11. f3 Bg6 12. Qb3 Rd8 13. Ne2 Nd7 14. e4 Be7 15. Be3 O-O 16. h4
h6 17. Nf4 {1/2-1/2 (34) Goh,K (2419)-Zhang,P (2519) Singapore 2004}) 11... Bd6
12. Qf3 Bb4 13. O-O $1 Bg6 14. a6 bxa6 (14... b6 $11) 15. Rxa6 $14 O-O 16. Bd2
Rfc8 17. Rfa1 Qb7 18. R6a4 {Ba6 is the strong threat.} a5 19. R4a2 Qe7 20. b3
Rab8 (20... Bh5 $5 {[%cal Rh5f3]} 21. g4 Bg6 $14) 21. Na4 Bxd2 22. Rxd2 Ne4 23.
Rda2 e5 24. Nc5 {[%mdl 64] Discovered Attack} exd4 25. exd4 Nxc5 26. dxc5 Qxc5
27. Rxa5 Qe7 28. Ra7 Rb7 29. Rxb7 (29. Ra8 $1 $16 {[%cal Ra8c8]} Rbc7 30. R1a7
$1) 29... Qxb7 30. h4 (30. Ba6 $5 {[%cal Ra6b7]} Qa8 31. Qc3 $14) 30... h5 $1
31. Ra5 Qe7 32. Rg5 Kh7 (32... Qd6 $11) 33. Bd3 $16 Bxd3 34. Rxh5+ Kg8 35. Qxd3
$14 {[%mdl 4096] Endgame White wants to mate with Qh7+. KQR-KQR} g6 36. Rg5 Rd8
37. Qg3 (37. Qc3 $14) 37... Rd1+ 38. Kh2 Qe1 {[%csl Gd1][%cal Re1h1]} 39. Qf3 (
39. Qb8+ $14 Kg7 40. Qe5+ Qxe5+ 41. Rxe5) 39... Qg1+ (39... Rd4 $11) 40. Kg3
$16 Qf1 41. Re5 Rd3 42. Re8+ Kg7 43. Re3 Rxe3 44. Qxe3 $14 {KQ-KQ} Qb5 45. Qd4+
Kg8 46. b4 Qf5 47. Kh2 Kh7 48. g3 Qf3 49. Kg1 Kg8 50. Kf1 Kh7 51. Ke1 Qb3 52.
Kd2 Qa2+ 53. Ke3 Qb3+ 54. Kd2 ({White should try} 54. Kf4 $16) 54... Qa2+ $1
55. Kc3 (55. Kc1 $1 $14) 55... Qa1+ $11 56. Kc4 Qc1+ (56... Qa2+ $1 $11 57. Kd3
Kg8) 57. Kd3 (57. Kb3 $1 $16) 57... Qd1+ {[#]} (57... Qb1+ $1 $11 58. Ke3 Qb3+
59. Kf4 Qe6) 58. Ke3 (58. Ke4 $1 $16 Qg4+ 59. Ke3 Qe6+ 60. Kf3) 58... Qe1+ (
58... Qb3+ $11 {keeps the balance.} 59. Kf4 Qe6) 59. Kf3 Qb1 60. Kg2 Qb3 61.
Kf1 (61. g4 $16) 61... Qc2 (61... Qb1+ $11 62. Kg2 Qc1) 62. Ke1 (62. g4 $16)
62... Kg8 (62... Qb3 $11 {remains equal.}) 63. Qc5 Qd3 64. Qe7 Qc3+ {[#]} 65.
Kf1 $1 Kg7 66. Qd6 Qc4+ 67. Kg1 Qe4 68. Qc5 Qe1+ 69. Kh2 Qe4 70. Qd6 Kh7 71.
Qf6 Qc4 72. Qe7 Qd5 73. Qc5 {aiming for Qxd5.} Qf3 74. Qd4 Kg8 75. Qf4 Qd5 76.
g4 Kg7 77. Kg3 Qb3+ 78. Kg2 Qd5+ 79. Kh2 Qb3 ({Black should play} 79... Kg8 $14
) 80. h5 $16 {Threatens to win with h6+.} gxh5 $2 (80... Kh7 $16 81. Qf6 Qd5)
81. Qg5+ $2 (81. gxh5 $18 Qd1 82. h6+ Kg6 83. Qh4) 81... Kf8 $1 $11 {The
position is equal.} 82. Qc5+ Kg7 83. Qg5+ Kf8 $1 84. gxh5 {Hoping for h6.} Qxb4
85. h6 {[%cal Rg5d8]} (85. Kg3 {seems wilder.} Qd4 86. Qf5 Qd5 87. Qg4 c5 88.
h6) 85... Qd6+ 86. Kh3 {And now Qg7+ would win.} (86. Kg1 {keeps more tension.}
Qd1+ 87. Kg2 Qd5+ 88. Qxd5 cxd5) 86... Qd3+ (86... Qd4 {feels hotter.} 87. Kg2
Qd5+ 88. Qxd5 cxd5) 87. Kh2 Qd6+ 88. f4 Qd2+ 89. Kg3 Qe1+ 90. Kf3 {Qd8+ would
kill now.} (90. Kg2 {with more complications.} Qd2+ 91. Kf1 Qd4 92. Kg2 Qd2+)
90... Qd1+ (90... Ke8 {is interesting.} 91. Qf6 Qd1+ 92. Kg3 Qe1+ 93. Kf3) 91.
Ke3 (91. Kf2 {seems wilder.} Qd2+ 92. Kf1 Qd4 93. Kg2 Qd2+ 94. Kf1) 91... Qb3+
92. Kf2 {[%cal Rg5d8]} Qc2+ 93. Kf3 {[%cal Rg5d8]} Qd3+ 94. Kf2 Qd2+ 95. Kg3 {
Strongly threatening Qg7+.} Qe3+ 96. Kg2 {Weighted Error Value: White=0.18/
Black=0.22} 1/2-1/2

[Event "3rd Dvoretsky Memorial 2021"]
[Site "Moscow"]
[Date "2021.02.10"]
[Round "2.5"]
[White "Grachev, Boris"]
[Black "Inarkiev, Ernesto"]
[Result "1-0"]
[WhiteElo "2619"]
[BlackElo "2654"]
[Annotator "TA"]
[PlyCount "75"]
[EventDate "2021.02.10"]
[EventType "tourn"]
[EventCountry "RUS"]
[Tiebreak "Koya+Number of wins"]
[SourceTitle "playchess.com"]
[Source "ChessBase"]
[SourceQuality "1"]

{[%evp 9,75,22,24,0,4,0,0,0,0,-13,-13,-13,-13,-17,-2,-6,-29,-22,-27,-28,0,0,0,
-3,0,0,0,-14,0,-10,0,0,0,0,0,0,0,0,0,0,0,0,0,0,0,0,0,0,0,0,0,0,0,0,187,187,188,
192,541,536,508,413,392,385,520,498,1494,1187]} 1. d4 d5 2. Nf3 Nf6 3. g3 g6 4.
Bg2 Bg7 5. O-O O-O 6. a4 {D02: 1 d4 d5 2 Nf3 sidelines, including 2...Nf6 3 g3
and 2...Nf6 3 Bf4.} a5 {[#]} 7. Bf4 $146 ({Predecessor:} 7. b3 c6 8. Nbd2 Bf5
9. Ba3 Re8 10. e3 Qc8 11. c4 Bh3 12. cxd5 Bxg2 13. Kxg2 Nxd5 {0-1 (58) Kramnik,
V (2753)-Nepomniachtchi,I (2775) Moscow 2019}) 7... b6 8. Ne5 {The position is
equal.} Bb7 9. Nc3 Nbd7 10. Nxd7 Qxd7 11. Be5 Ne4 12. Bxe4 dxe4 13. Bxg7 Kxg7
14. d5 e6 15. dxe6 Qxe6 16. Qd4+ Qf6 17. Qc4 Qe5 18. Rad1 Rad8 19. Qb5 Qe6 20.
Qg5 Qf6 21. Qe3 Rfe8 22. Rxd8 Rxd8 23. Rd1 Rxd1+ 24. Nxd1 c5 25. Nc3 Bc6 26. h4
h6 27. Qd2 g5 28. hxg5 hxg5 29. Nd5 Qd8 30. c4 Bxa4 31. Qe3 f5 $2 {[#]} (31...
Bc6 $11 {and Black stays safe.}) 32. Qc3+ $1 $18 Kg6 33. Qe5 Qe8 $2 (33... e3)
34. Qf6+ Kh7 35. Qxb6 {aiming for Nf6+.} Qe5 36. Qxa5 Be8 37. Qxc5 Kh6 (37...
Bh5 $142 38. Qf8 Bg4) 38. Qf8+ {Weighted Error Value: White=0.05/Black=0.32}
1-0